000 01033nac a22003970a 4500
001 PT31340
003 AR-LpoUNG
005 20210201005251.0
008 201001s1990||||ag |||||||||||||||||spa d
020 _a9505210728
_c$25,00
040 _aAR-LpoUNG
_bspa
_eaacr
041 _aspa
044 _aag
082 0 _a306 186v1-2
100 1 _aRaffino, Rodolfo
245 1 0 _aDesde la llegada de los conquistadores hasta el presente
250 _a2ª edición
260 _aBuenos Aires :
_bTipográfica Editora Argentina,
_c1990.
490 0 _aIndígenas de la Argentina
650 4 _aARQUEOLOGIA
650 4 _aASENTAMIENTOS HUMANOS
650 4 _aCIVILIZACION
650 4 _aCULTURA
650 4 _aINVESTIGACION
651 4 _aArgentina
653 _aAMERICANOS AUTOCTONOS
653 _aCINE
653 _aCINE ARGENTINO
653 _aDOCUMENTALES
653 _aEXCAVACIONES ARQUEOLOGICAS
653 _aPOBLACIONES AUTOCTONAS
653 _aVHS
653 _aVIDEOS
905 _a31340
942 _cVIDEO
999 _c48933
_d48933